|
|
|
|
| LEADER |
00000nam0a2200000 4500 |
| 001 |
314528 |
| 005 |
20231102002704.0 |
| 035 |
|
|
|a (RuTPU)RU\TPU\book\339949
|
| 090 |
|
|
|a 314528
|
| 100 |
|
|
|a 20160216d1962 k y0rusy50 ca
|
| 101 |
0 |
|
|a rus
|
| 102 |
|
|
|a RU
|
| 105 |
|
|
|a a z 000zy
|
| 200 |
1 |
|
|a Жидкие ракетные топлива
|f А. В. Серегин
|
| 210 |
|
|
|a Москва
|c Военное изд-во
|d 1962
|
| 215 |
|
|
|a 92 с.
|c ил.
|
| 606 |
1 |
|
|a Реактивное топливо
|2 stltpush
|3 (RuTPU)RU\TPU\subj\24040
|9 48493
|
| 610 |
1 |
|
|a ракеты
|
| 610 |
1 |
|
|a двигательные установки
|
| 610 |
1 |
|
|a охлаждение
|
| 610 |
1 |
|
|a окислители
|
| 610 |
1 |
|
|a горючие
|
| 675 |
|
|
|a 621.45-6
|v 3
|
| 700 |
|
1 |
|a Серегин
|b А. В.
|g Андрей Васильевич
|
| 801 |
|
1 |
|a RU
|b 63413507
|c 20160216
|
| 801 |
|
2 |
|a RU
|b 63413507
|c 20160516
|g RCR
|
| 942 |
|
|
|c BK
|